| 000 | 00783nam a2200277Ia 4500 | ||
|---|---|---|---|
| 003 | OSt | ||
| 005 | 20221006153552.0 | ||
| 006 | a|||||r|||| 00| 0 | ||
| 007 | ta | ||
| 008 | 221006b |||||||| |||| 00| 0 eng d | ||
| 020 |
_a9788931204803 _c _18.78 |
||
| 024 | _a32,717 | ||
| 037 |
_bGift, 19/10/2007, Korean Embassy _cTextual |
||
| 040 |
_aEASL _cEASL _beng |
||
| 041 |
_2eng _aeng |
||
| 082 | _aO495,3NKi, N8 | ||
| 100 |
_aKimm Samuel Au. _9664445 |
||
| 245 | 0 | _aPure-hearted lady, Chun-Hyang story | |
| 260 |
_aSeoul _bIl Ji Sa Korea _c1998 |
||
| 300 |
_a251p. _ccm. |
||
| 490 | _v KEL | ||
| 650 | _a KEL | ||
| 650 | _aLiterature | ||
| 942 |
_hO495,3NKi, N8 _cTEXL _2CC |
||
| 999 |
_c1100803 _d1100803 |
||